000 00747nam a22001815i 4500
001 169759
003 ES-MaACL
005 20250630161403.0
008 081125s2005 sp |||| | spa d
080 _a929 Gil-Albert, Juan
245 0 0 _aJuan Gil-Albert fuentes de una constancia
_b: [catálogo de la exposición homónima, Orihuela, Sala de Exposiciones de la Fundación Cultural Miguel Hernández, del 20 de enero al 20 de febrero de 2005].
260 _aOrihuela :
_bFundación Cultural Miguel Hernández,
_c[2005]
300 _a33 p. :
_bil. ;
_c21 cm.
600 1 4 _aGil-Albert, Juan,
_d1904-1994
_956757
710 2 _aFundación Cultural Miguel Hernández.
_94265
852 _aES-MaACL
_j2238-F-18
_9R.144095
999 _c169759
_d169759